A concise introduction to languages and machines / (Record no. 11245)
[ view plain ]
| 000 -LEADER | |
|---|---|
| fixed length control field | 00818cam a22002535a 4500 |
| 001 - CONTROL NUMBER | |
| control field | 15278335 |
| 005 - DATE AND TIME OF LATEST TRANSACTION | |
| control field | 20161115105624.0 |
| 008 - FIXED-LENGTH DATA ELEMENTS--GENERAL INFORMATION | |
| fixed length control field | 080426s2009 nyu 000 0 eng |
| 010 ## - LIBRARY OF CONGRESS CONTROL NUMBER | |
| LC control number | 2008928021 |
| 020 ## - INTERNATIONAL STANDARD BOOK NUMBER | |
| International Standard Book Number | 9781848001206 (softcover) |
| 040 ## - CATALOGING SOURCE | |
| Original cataloging agency | DLC |
| Transcribing agency | DLC |
| 082 ## - DEWEY DECIMAL CLASSIFICATION NUMBER | |
| Edition number | 22 |
| Classification number | 005.13 |
| Item number | PAR |
| 100 1# - MAIN ENTRY--PERSONAL NAME | |
| Personal name | Parkes, Alan P. |
| 9 (RLIN) | 3447 |
| 245 12 - TITLE STATEMENT | |
| Title | A concise introduction to languages and machines / |
| Statement of responsibility, etc | Alan P. Parkes. |
| 260 ## - PUBLICATION, DISTRIBUTION, ETC. (IMPRINT) | |
| Place of publication, distribution, etc | London : |
| Name of publisher, distributor, etc | Springer, |
| Date of publication, distribution, etc | c2008. |
| 300 ## - PHYSICAL DESCRIPTION | |
| Extent | vii, 341 p. : |
| Other physical details | ill.; |
| Dimensions | 24 cm. |
| 440 0# - | |
| -- | Undergraduate topics in computer science |
| -- | 3448 |
| 504 ## - BIBLIOGRAPHY, ETC. NOTE | |
| Bibliography, etc | Includes bibliographical references and index |
| 650 1# - SUBJECT ADDED ENTRY--TOPICAL TERM | |
| Topical term or geographic name as entry element | Programming languages |
| 9 (RLIN) | 3449 |
| 650 1# - SUBJECT ADDED ENTRY--TOPICAL TERM | |
| Topical term or geographic name as entry element | Machine theory. |
| 9 (RLIN) | 3450 |
| 650 1# - SUBJECT ADDED ENTRY--TOPICAL TERM | |
| 9 (RLIN) | 3451 |
| Topical term or geographic name as entry element | Formal languages |
| 942 ## - ADDED ENTRY ELEMENTS (KOHA) | |
| Source of classification or shelving scheme | Dewey Decimal Classification |
| Item type | Book - Borrowing |
| Withdrawn status | Item status | Source of classification or shelving scheme | Damaged status | Not for loan | Vendor | Home library | Current library | Shelving location | Date acquired | Source of acquisition | Cost, normal purchase price | Serial Enumeration / chronology | Total Checkouts | Full call number | Barcode | Date last seen | Koha item type |
|---|---|---|---|---|---|---|---|---|---|---|---|---|---|---|---|---|---|
| Dewey Decimal Classification | Alahram | Central Library | Central Library | Lower Floor | 08/04/2009 | 216.00 | 377 | 005.13 PAR | 000015926 | 15/07/2025 | Book - Borrowing | ||||||
| Dewey Decimal Classification | Alahram | Central Library | Central Library | Lower Floor | 13/04/2009 | 216.00 | 375 | 005.13 PAR | 000015531 | 15/07/2025 | Book - Borrowing | ||||||
| Dewey Decimal Classification | Alahram | Central Library | Central Library | Lower Floor | 13/04/2009 | 216.00 | 377 | 005.13 PAR | 000015530 | 15/07/2025 | Book - Borrowing |